000 02533nam0a2200409 4500
001 RU\NLR\BIBL_A\022585214
005 20260420050826.0
010 _a978-5-7899-1584-4
_9200
021 _aRU
_bКН-П-25-029941
_9КН-П-25-2956
035 _a(NLR Aleph) 022585214
090 _a13678038
_c13678038
100 _a20250715d2025 u y0rusy50 ca
101 0 _arus
102 _aRU
105 _ay|||j|||000yy
181 0 _ai4
_baxxe
182 0 _an
200 1 _aАктуальные проблемы уголовного процесса
_eучебник
_eдля курсантов, слушателей и адъюнктов образовательных организаций системы МВД России
_fМ. С. Колосович, Э. Ф. Лугинец, Л. В. Попова [и др.]
_gпод редакцией Г. Х. Шаутаевой, М. С. Колосович
_gМинистерство внутренних дел Российской Федерации, Волгоградская академия
203 _aТекст
_bвизуальный
_cнепосредственный
210 _aВолгоград
_cВА МВД России
_d2025
215 _a190 с.
_d21
300 _aНа 3-й с. авт.: Колосович М. С., д-р юрид. наук, проф., Лугинец Э. Ф., Попова Л. В., кандидаты юрид. наук, доценты
300 _aАвт. указаны на обороте тит. с. в макете
300 _aНа обл.: Победа! 80
320 _aБиблиогр.: с. 177-188 (107 назв.)
606 1 _aУголовный процесс
_jУчебники для высших учебных заведений
_yРоссийская Федерация
_92078728
_3RU\NLR\AUTH\661254592
686 1 _aХ629.3я73
701 1 _aКолосович
_bМ. С.
_gМарина Сергеевна
701 1 _aЛугинец
_bЭ. Ф.
_gЭльвира Фаильевна
701 1 _7ca
_8rus
_aПопова
_bЛ. В.
_cканд. юрид. наук, экономические преступления
_gЛюдмила Владимировна
_9232944
_3RU\NLR\AUTH\770233000
702 1 _aШаутаева
_bГ. Х.
_gГульнара Хасановна
_4340
712 0 2 _4475
_aВолгоградская академия МВД России
_9562583
_3RU\NLR\AUTH\8810031999
942 _cBOOK
980 _aNB